[Event "Xtracon Chess Open 2019"]
[Site "Helsingor DEN"]
[Date "2019.07.21"]
[Round "2.42"]
[White "Gregor, Bjarke"]
[Black "Pantzar, Milton"]
[Result "0-1"]
[BlackTitle "FM"]
[WhiteElo "2064"]
[BlackElo "2357"]
[WhiteFideId "1423401"]
[BlackFideId "1721003"]
[EventDate "2019.07.20"]

1. e4 e5 2. Nf3 Nc6 3. Bc4 Nf6 4. Ng5 d5 5. exd5 Na5 6. Bb5+ c6 7. dxc6 bxc6 8.
Be2 h6 9. Nh3 Bd6 10. d3 O-O 11. Nc3 Nd5 12. Ne4 Bc7 13. c4 Ne7 14. b4 Nb7 15.
Bb2 Ng6 16. Ng1 f5 17. Nc3 Qe7 18. a3 e4 19. d4 f4 20. Qc2 Bf5 21. Qb3 f3 22.
gxf3 exf3 23. Nxf3 Nf4 24. Kd2 Nxe2 25. Nxe2 Bg4 26. c5+ Kh8 27. Nfg1 Rae8 28.
f3 Bxf3 0-1

[Event "Xtracon Chess Open 2019"]
[Site "Helsingor DEN"]
[Date "2019.07.21"]
[Round "2.44"]
[White "Nielsen, Jorgen Lovgren"]
[Black "Gandrud, Vegar Koi"]
[Result "0-1"]
[BlackTitle "FM"]
[WhiteElo "2053"]
[BlackElo "2351"]
[WhiteFideId "1403850"]
[BlackFideId "1505530"]
[EventDate "2019.07.20"]

1. e4 c5 2. Bc4 d6 3. Nf3 Nf6 4. e5 dxe5 5. Nxe5 e6 6. Bb5+ Nbd7 7. Nc3 Be7 8.
d4 O-O 9. Nxd7 Bxd7 10. Bxd7 Qxd7 11. dxc5 Qc6 12. O-O Bxc5 13. Qe2 Bb4 14. Nb5
Rfd8 15. Be3 a6 16. Nd4 Qe4 17. c3 Bc5 18. Qf3 Qxf3 19. Nxf3 Bxe3 20. fxe3 Rd3
21. Rfe1 Rad8 22. e4 Kf8 23. h3 Ke7 24. Kf2 h6 25. Re3 Rd1 26. Rxd1 Rxd1 27. Re2
Nd7 28. Rd2 Ra1 29. b3 Rc1 30. c4 Rc3 31. Ke2 Nc5 32. e5 a5 33. Rb2 a4 34. Nd4
Rg3 35. Kf1 Rd3 36. b4 a3 37. Rb1 Ne4 38. Nf3 Rxf3+ 39. gxf3 Nd2+ 40. Ke2 Nxb1
41. Kd3 f5 42. exf6+ Kxf6 43. c5 Ke5 44. b5 Kd5 45. c6 bxc6 46. b6 Kd6 47. Kc2
c5 48. b7 Kc7 49. b8=Q+ Kxb8 50. Kxb1 Kc7 51. Kc2 Kc6 52. Kb3 Kb5 53. Kxa3 Kc4
54. Kb2 e5 55. Kc2 g5 56. Kd2 Kd4 57. Kc2 e4 58. fxe4 Kxe4 59. Kc3 Kd5 60. a4 h5
61. a5 g4 62. hxg4 hxg4 63. a6 Kc6 64. a7 Kb7 65. Kd3 g3 66. Ke3 c4 0-1

[Event "Xtracon Chess Open 2019"]
[Site "Helsingor DEN"]
[Date "2019.07.21"]
[Round "2.49"]
[White "Tryggestad, Andreas Garberg"]
[Black "Cramling Bellon, Anna"]
[Result "1-0"]
[WhiteTitle "FM"]
[BlackTitle "WFM"]
[WhiteElo "2336"]
[BlackElo "2030"]
[WhiteFideId "1513338"]
[BlackFideId "32009232"]
[EventDate "2019.07.20"]

1. e4 c5 2. Nf3 Nc6 3. c3 d5 4. exd5 Qxd5 5. d4 Bg4 6. dxc5 Qxd1+ 7. Kxd1 Nf6 8.
Nd2 e5 9. b4 e4 10. h3 Bh5 11. g4 Bg6 12. Nh4 a5 13. Bb5 axb4 14. cxb4 Nd5 15.
Nxg6 hxg6 16. Nxe4 Nxb4 17. Bxc6+ Nxc6 18. Be3 O-O-O+ 19. Ke1 Re8 20. Nd6+ Bxd6
21. cxd6 Re6 22. Kf1 Rxd6 23. Kg2 f6 24. Rhc1 g5 25. a4 Kd7 26. Rab1 Rb8 27. Rc5
Ne7 28. Rcb5 Kc8 29. Ba7 Ra8 30. Rxb7 Rd7 31. Rb8+ Rxb8 32. Rxb8+ Kc7 33. Rb5
Nd5 34. Kf3 Nf4 35. Bb8+ Kc6 36. Bxf4 gxf4 37. Kxf4 Rd4+ 38. Kf5 Rxa4 39. Rb3
Ra7 40. Rd3 Re7 41. Kg6 Kc5 42. f4 Kc6 43. f5 Kc7 44. h4 Re4 45. Kxg7 Rxg4+ 46.
Kxf6 Rxh4 47. Kf7 Rf4 48. f6 Kc8 49. Kg6 Rg4+ 50. Kf5 Rg1 51. Rd4 Rg8 52. f7 Rf8
53. Kf6 1-0

[Event "Xtracon Chess Open 2019"]
[Site "Helsingor DEN"]
[Date "2019.07.21"]
[Round "2.55"]
[White "Kucuksari, Kaan"]
[Black "Christiansen, Arne"]
[Result "1-0"]
[WhiteTitle "FM"]
[WhiteElo "2310"]
[BlackElo "2011"]
[WhiteFideId "6380166"]
[BlackFideId "1402013"]
[EventDate "2019.07.20"]

1. d4 Nf6 2. Nf3 g6 3. c4 Bg7 4. Nc3 O-O 5. e4 d6 6. h3 c5 7. d5 e6 8. Bd3 exd5
9. exd5 Re8+ 10. Be3 Nbd7 11. O-O a6 12. Qd2 Qc7 13. Rfe1 Ne5 14. Nxe5 Rxe5 15.
Bg5 Rxe1+ 16. Rxe1 Bd7 17. Qf4 Re8 18. Rb1 Nh5 19. Qf3 f5 20. Ne2 b5 21. g4 fxg4
22. hxg4 Rf8 23. Qg2 Nf6 24. f3 b4 25. Qg3 Ne8 26. Kg2 Bf6 27. Bf4 Bc8 28. b3
Rf7 29. Rh1 Qe7 30. Qh2 a5 31. Bd2 Be5 32. Qh3 Qf6 33. f4 Bb2 34. Qf3 Qg7 35.
Ng3 Bc3 36. Be3 Bd4 37. Re1 Bxe3 38. Qxe3 Bd7 39. f5 gxf5 40. Bxf5 Bxf5 41. gxf5
Nf6 42. Qf4 Re7 43. Re6 1-0

[Event "Xtracon Chess Open 2019"]
[Site "Helsingor DEN"]
[Date "2019.07.21"]
[Round "2.65"]
[White "Digernes, Magnus"]
[Black "Jogstad, Martin"]
[Result "0-1"]
[BlackTitle "FM"]
[WhiteElo "1997"]
[BlackElo "2259"]
[WhiteFideId "1514873"]
[BlackFideId "1715364"]
[EventDate "2019.07.20"]

1. e4 c5 2. d3 Nc6 3. g3 e6 4. Bg2 d5 5. Nd2 Nf6 6. Ngf3 Be7 7. O-O O-O 8. Re1
b5 9. h4 a5 10. e5 Nd7 11. Nf1 a4 12. a3 Bb7 13. Bf4 Re8 14. Ng5 h6 15. Nf3 b4
16. N1h2 bxa3 17. bxa3 Rc8 18. Ng4 Bf8 19. Nd2 Nd4 20. c3 Nf5 21. Qxa4 Bc6 22.
Qd1 Qa5 23. c4 Nb6 24. Ne3 Ba4 25. Qc1 Nxe3 26. Bxe3 Red8 27. Rb1 Qa6 28. Rb2
Bc6 29. cxd5 Bxd5 30. Nc4 Nxc4 31. dxc4 Bxg2 32. Kxg2 Qxa3 33. Rb5 Qd3 34. Kg1
Rd7 35. Rb1 Ra7 36. Rd1 Qe4 37. Qc3 Rca8 38. Rb3 Ra4 39. Rc1 Rd8 40. Kh2 Be7 41.
Qc2 Qa8 42. Rd3 Rb8 43. Rd7 Bf8 44. Qd1 Qc6 45. Rd2 Rab4 46. Qh1 Qxh1+ 47. Kxh1
Rb1 48. Rc2 Kh7 49. Kg2 Kg6 50. g4 h5 51. f3 R1b3 52. Rc3 Be7 53. Kg3 Rxc3 54.
Rxc3 Rh8 55. Rb3 hxg4 56. fxg4 Bxh4+ 57. Kf3 Bg5 58. Rb5 Rh3+ 0-1

[Event "Xtracon Chess Open 2019"]
[Site "Helsingor DEN"]
[Date "2019.07.21"]
[Round "2.66"]
[White "Rosenkilde, Alexander"]
[Black "Andersson, Lars"]
[Result "1-0"]
[WhiteElo "2255"]
[BlackElo "1990"]
[WhiteFideId "1408488"]
[BlackFideId "1706772"]
[EventDate "2019.07.20"]

1. d4 Nf6 2. c4 g6 3. Nc3 Bg7 4. Bg5 c5 5. d5 h6 6. Bh4 b5 7. cxb5 d6 8. e4 O-O
9. Nf3 Nbd7 10. Be2 a6 11. O-O axb5 12. Bxb5 Ba6 13. Bxa6 Rxa6 14. Qe2 Qa8 15.
e5 Nxd5 16. Nxd5 1-0

[Event "Xtracon Chess Open 2019"]
[Site "Helsingor DEN"]
[Date "2019.07.21"]
[Round "2.70"]
[White "Magnussen, Pal"]
[Black "Bach, Matthias"]
[Result "0-1"]
[BlackTitle "FM"]
[WhiteElo "1985"]
[BlackElo "2241"]
[WhiteFideId "1711814"]
[BlackFideId "4603168"]
[EventDate "2019.07.20"]

1. e4 d6 2. d4 g6 3. Nf3 Bg7 4. Nc3 a6 5. a4 b6 6. Bd3 e6 7. O-O Nd7 8. Be3 h6
9. Nd2 e5 10. Nf3 Ngf6 11. h3 Bb7 12. Qd2 exd4 13. Nxd4 Nc5 14. Rae1 Kf8 15. f4
Bxe4 16. f5 g5 17. Bxe4 Ncxe4 18. Nxe4 Nxe4 19. Qd3 Nf6 20. Bd2 Kg8 21. Qf3 d5
22. Bc3 Qd6 23. b4 h5 24. Ne6 g4 25. Qd3 fxe6 26. Bxf6 Bxf6 27. Rxe6 Qf8 28.
Qxd5 Kg7 29. Qc4 Qd8 30. c3 Rh6 31. hxg4 hxg4 32. Qxg4+ Kh7 33. Rd1 Qf8 34. Rd7+
Kh8 35. Rxc7 Rd8 36. Rcc6 Rh4 37. Qf3 Qh6 38. g3 Rh1+ 0-1

[Event "Xtracon Chess Open 2019"]
[Site "Helsingor DEN"]
[Date "2019.07.21"]
[Round "2.80"]
[White "Linderod, Lars Erik"]
[Black "Schmidt, Kristen"]
[Result "0-1"]
[WhiteElo "1961"]
[BlackElo "2225"]
[WhiteFideId "1435965"]
[BlackFideId "1400436"]
[EventDate "2019.07.20"]

1. f4 c5 2. Nf3 Nc6 3. d3 g6 4. g3 Bg7 5. Bg2 Nf6 6. O-O O-O 7. e4 d5 8. Qe1 b6
9. Nc3 dxe4 10. Nxe4 Bb7 11. Neg5 h6 12. Ne4 Qc7 13. f5 g5 14. Nfxg5 hxg5 15.
Bxg5 Nd4 16. Qd1 Rfe8 17. Bxf6 exf6 18. Rf4 Rad8 19. Qh5 Qe5 20. Raf1 Bxe4 21.
Bxe4 Ne6 22. Rh4 Ng5 23. Rff4 Qxb2 24. Rfg4 Qxc2 25. Rxg5 Qc1+ 0-1

[Event "Xtracon Chess Open 2019"]
[Site "Helsingor DEN"]
[Date "2019.07.21"]
[Round "2.81"]
[White "Schwarz, Frank"]
[Black "Green, Per"]
[Result "1-0"]
[WhiteElo "2224"]
[BlackElo "1959"]
[WhiteFideId "4658035"]
[BlackFideId "1703811"]
[EventDate "2019.07.20"]

1. c4 Nf6 2. g3 e6 3. Bg2 d5 4. Nf3 Be7 5. b3 b6 6. Bb2 O-O 7. O-O c5 8. d3 Bb7
9. Nbd2 Nbd7 10. e3 Qc7 11. Qe2 dxc4 12. bxc4 Rfd8 13. e4 e5 14. Rfd1 Bd6 15.
Nb1 Nb8 16. Nc3 Nc6 17. Nd5 Nxd5 18. exd5 Nd4 19. Bxd4 cxd4 20. Re1 Re8 21. Qe4
h6 22. Nh4 Bc8 23. Bf3 Qd7 24. Bh5 Rf8 25. a4 Rb8 26. Ra2 f5 27. Qg2 f4 28. Qe4
Rf6 29. g4 Qc7 30. f3 Bd7 31. Bg6 Be8 32. Bxe8 Rxe8 33. Rg2 g5 34. Nf5 Bb4 35.
Rb1 a5 36. h4 Qd7 37. Ra1 Bc3 38. Raa2 gxh4 39. Rh2 Be1 40. Qxe1 1-0

[Event "Xtracon Chess Open 2019"]
[Site "Helsingor DEN"]
[Date "2019.07.21"]
[Round "2.82"]
[White "Heinsohn, Michael"]
[Black "Vesterli, Michael E."]
[Result "0-1"]
[WhiteElo "1959"]
[BlackElo "2221"]
[WhiteFideId "4665546"]
[BlackFideId "1417339"]
[EventDate "2019.07.20"]

1. d4 Nf6 2. c4 c5 3. d5 b5 4. cxb5 a6 5. bxa6 g6 6. g3 d6 7. Bg2 Bg7 8. Nh3 O-O
9. Nf4 Nxa6 10. h4 Nb4 11. Nc3 Bb7 12. O-O c4 13. a3 Na6 14. Be3 Nc5 15. Bxc5
dxc5 16. Qc2 Qc7 17. Rfd1 Rfd8 18. Rd2 Rab8 19. Rc1 Ba6 20. e3 Ng4 21. Na4 Qa5
22. d6 exd6 23. Nd5 Kf8 24. f4 Rb3 25. Nac3 Bb7 26. Bh3 Bc8 27. Bxg4 Bxg4 28.
Qe4 Be6 29. Qxc4 Rdb8 30. Qe2 Bxd5 31. Nxd5 Rxb2 32. Rxb2 Rxb2 33. Qg4 Bd4 34.
Qd1 Qa8 35. exd4 Qxd5 36. Rc2 Qb3 37. Rd2 Qxg3+ 0-1

[Event "Xtracon Chess Open 2019"]
[Site "Helsingor DEN"]
[Date "2019.07.21"]
[Round "2.83"]
[White "Lundberg, Roland"]
[Black "Andersen, Morten"]
[Result "1-0"]
[WhiteElo "1958"]
[BlackElo "2212"]
[WhiteFideId "1710656"]
[BlackFideId "1504908"]
[EventDate "2019.07.20"]

1. e4 d6 2. d4 Nf6 3. Nc3 g6 4. f4 Bg7 5. Nf3 c5 6. dxc5 Qa5 7. Qd3 Qxc5 8. Be3
Qa5 9. Qb5+ Qxb5 10. Bxb5+ Nbd7 11. Bd4 O-O 12. O-O a6 13. Bd3 e6 14. Rad1 b6
15. e5 dxe5 16. fxe5 Ng4 17. Rfe1 Bb7 18. Be4 Bxe4 19. Rxe4 h5 20. h3 Nh6 21.
Be3 Nc5 22. Bxc5 bxc5 23. Rc4 Rfc8 24. Ne4 Bf8 25. Rd7 Rab8 26. b3 Rb4 27. Nf6+
Kh8 28. Ra7 Bg7 29. Rxa6 Rxc4 30. bxc4 Ng8 31. Ne4 Bf8 32. Ra7 Kg7 33. Nfg5 Be7
34. Nxf7 Rf8 35. Nfg5 Rf5 36. Nf3 Rf4 37. Nd6 Kf8 38. a4 Nh6 39. Ra8+ Kg7 40. a5
Nf5 41. a6 Nxd6 42. exd6 Bxd6 43. a7 Rxc4 44. Rc8 1-0

[Event "Xtracon Chess Open 2019"]
[Site "Helsingor DEN"]
[Date "2019.07.21"]
[Round "2.84"]
[White "Eriksson, Jorgen"]
[Black "Jarlnaes, Erik"]
[Result "1/2-1/2"]
[WhiteElo "2211"]
[BlackElo "1959"]
[WhiteFideId "1701967"]
[BlackFideId "1414623"]
[EventDate "2019.07.20"]

1. Nf3 Nf6 2. g3 c5 3. Bg2 Nc6 4. c4 g6 5. Nc3 Bg7 6. O-O O-O 7. d3 d6 8. Bg5 h6
9. Bd2 Bd7 10. a3 a5 11. Rb1 Kh7 12. Ne1 Qc8 13. Nc2 Bh3 14. b4 Bxg2 15. Kxg2
axb4 16. axb4 b6 17. f3 e6 18. Nb5 Rd8 19. bxc5 bxc5 20. Bc3 d5 21. cxd5 Nxd5
22. Bxg7 Kxg7 23. Qc1 Ra2 24. Rb2 Ra4 25. Ne3 Ncb4 26. Nxd5 Nxd5 27. Nc3 Rb4 28.
Nxd5 exd5 29. Rc2 Rb5 30. Qa3 Qe6 31. Rfc1 Rdb8 32. Qc3+ d4 33. Qd2 Re8 34. Qf4
g5 35. Qd2 Qd5 36. h3 Re3 37. Rb2 Rxb2 38. Qxb2 h5 39. Kf2 Qe5 40. Rg1 Qe6 41.
g4 h4 42. Rg2 Kg6 43. Kf1 c4 44. dxc4 Qxc4 45. Rf2 Rb3 46. Qd2 Re3 47. Qb2 Rb3
48. Qa1 Rc3 49. Qb1+ Kg7 50. Qf5 f6 51. Qd7+ Kg6 52. Kg2 Qc7 53. Qxc7 Rxc7 54.
Rf1 Rc2 55. Kf2 d3 56. Re1 f5 57. Ke3 dxe2 58. gxf5+ Kxf5 59. Rxe2 Rc3+ 1/2-1/2

[Event "Xtracon Chess Open 2019"]
[Site "Helsingor DEN"]
[Date "2019.07.21"]
[Round "2.85"]
[White "Weber, Samuel"]
[Black "Sjol, Henrik"]
[Result "1-0"]
[WhiteElo "2203"]
[BlackElo "1755"]
[WhiteFideId "12924008"]
[BlackFideId "1505629"]
[EventDate "2019.07.20"]

1. Nf3 d5 2. g3 Nf6 3. Bg2 g6 4. c4 c5 5. cxd5 Nxd5 6. Nc3 Nc7 7. d3 Bg7 8. h4
h5 9. Be3 Ne6 10. Ng5 Nd4 11. Bxd4 cxd4 12. Qb3 O-O 13. Nce4 Nc6 14. O-O Bd7 15.
Rfc1 b6 16. Nxf7 Rxf7 17. Ng5 e6 18. Nxf7 Kxf7 19. Bxc6 Rc8 20. Bxd7 Qxd7 21.
Rxc8 Qxc8 22. Qc4 Qxc4 23. dxc4 d3 24. exd3 Bxb2 25. Rb1 Bd4 26. Kg2 Ke7 27. f3
Kf6 28. g4 hxg4 29. fxg4 Bc5 30. Rf1+ Kg7 31. Kf3 Be7 32. h5 gxh5 33. gxh5 Bc5
34. Ke4 Bd6 35. h6+ 1-0

[Event "Xtracon Chess Open 2019"]
[Site "Helsingor DEN"]
[Date "2019.07.21"]
[Round "2.86"]
[White "Matthiesen, Martin"]
[Black "Jensen, Torben W."]
[Result "1-0"]
[WhiteTitle "FM"]
[WhiteElo "2239"]
[BlackElo "1693"]
[WhiteFideId "1404067"]
[BlackFideId "1515942"]
[EventDate "2019.07.20"]

1. d4 d5 2. c4 c6 3. Nf3 Nf6 4. Nc3 dxc4 5. a4 Bf5 6. e3 e6 7. Bxc4 Be7 8. O-O
O-O 9. Qe2 Bg4 10. h3 Bh5 11. g4 Bg6 12. Ne5 Nd5 13. Qf3 Nd7 14. Nxg6 hxg6 15.
Rd1 a5 16. e4 Nxc3 17. bxc3 Bg5 18. Ba3 Be7 19. Bc1 Bg5 20. Bxg5 Qxg5 21. Rab1
b6 22. e5 Rab8 23. Qxc6 Rfc8 24. Qb5 Rc7 25. Bf1 Qe7 26. Rb3 Rbc8 27. Qd3 Qd8
28. f4 Qh4 29. Qf3 Rd8 30. Kg2 g5 31. f5 exf5 32. gxf5 Qf4 33. Qxf4 gxf4 34. Re1
Rdc8 35. Bb5 Nf8 36. e6 fxe6 37. fxe6 Ng6 38. d5 Nh4+ 39. Kf2 Rxc3 40. Rxc3 Rxc3
41. e7 1-0

[Event "Xtracon Chess Open 2019"]
[Site "Helsingor DEN"]
[Date "2019.07.21"]
[Round "2.87"]
[White "Bredeli, Havard Iversen"]
[Black "Kvaloy, Aksel Bu"]
[Result "0-1"]
[WhiteElo "1397"]
[BlackElo "2205"]
[WhiteFideId "1514440"]
[BlackFideId "1528815"]
[EventDate "2019.07.20"]

1. d4 Nf6 2. Nf3 c5 3. e3 g6 4. c4 Bg7 5. Nc3 O-O 6. Be2 cxd4 7. exd4 d5 8. O-O
Nc6 9. Be3 e6 10. Ne5 Nxe5 11. dxe5 Ne4 12. Bd4 Nxc3 13. Bxc3 b6 14. f4 Bb7 15.
cxd5 exd5 16. Bf3 Qc8 17. Bxd5 Qc5+ 18. Rf2 Bxd5 19. Qe1 Rfd8 20. Bb4 Qc6 21.
Rc1 Qb7 22. Bd6 Rac8 23. Rd2 Rxc1 24. Qxc1 Bf8 25. Qc7 Qxc7 26. Bxc7 Bc5+ 0-1

[Event "Xtracon Chess Open 2019"]
[Site "Helsingor DEN"]
[Date "2019.07.21"]
[Round "2.88"]
[White "Strachan, Christian C."]
[Black "Saltvedt, Martin"]
[Result "1/2-1/2"]
[WhiteElo "1727"]
[BlackElo "1984"]
[WhiteFideId "1417215"]
[BlackFideId "1518500"]
[EventDate "2019.07.20"]

1. c4 b6 2. Nc3 Bb7 3. e3 e6 4. Nf3 f5 5. d3 Nf6 6. b3 Be7 7. Bb2 O-O 8. Be2 a5
9. Qc2 Na6 10. a3 h6 11. h3 Nc5 12. O-O Qe8 13. Nb5 Rc8 14. Nd2 Qg6 15. Bf3 c6
16. Nc3 d5 17. Ne2 Nh5 18. Bxh5 Qxh5 19. Nf4 Qf7 20. Nf3 Nd7 21. Ne5 Nxe5 22.
Bxe5 g5 23. Ne2 Bf6 24. Qc3 Qg7 25. Bxf6 Rxf6 26. b4 a4 27. Qe5 Kh7 28. Rac1
dxc4 29. Rxc4 Ba6 30. Rc3 Kg6 31. Rfc1 Qd7 32. Nd4 Bb7 33. Nf3 Rd8 34. d4 Ba8
35. Qg3 Qd5 36. Ne5+ Kg7 37. Nxc6 Rc8 38. Ne5 Rxc3 39. Rxc3 f4 40. Rc7+ Kg8 41.
Rc8+ Kg7 42. Rc7+ Kg8 1/2-1/2

[Event "Xtracon Chess Open 2019"]
[Site "Helsingor DEN"]
[Date "2019.07.21"]
[Round "2.89"]
[White "Fjallheim, Leif Reinert"]
[Black "Hammer, Jon Ludvig"]
[Result "0-1"]
[BlackTitle "GM"]
[WhiteElo "1883"]
[BlackElo "2637"]
[WhiteFideId "7201788"]
[BlackFideId "1503707"]
[EventDate "2019.07.20"]

1. d4 Nf6 2. Bf4 g6 3. e3 Bg7 4. c3 d6 5. Nd2 O-O 6. h4 h5 7. Be2 Nc6 8. Bg5 Qd7
9. Qc2 Nh7 10. O-O-O e5 11. d5 Ne7 12. Bxe7 Qxe7 13. Ngf3 f5 14. Rdg1 e4 15. Nd4
Nf6 16. Bc4 Ng4 17. Nf1 Ne5 18. Be2 c5 19. dxc6 bxc6 20. f4 exf3 21. gxf3 c5 22.
Nb3 Be6 23. f4 Ng4 24. Bxg4 fxg4 25. Nbd2 Bf5 26. e4 Bd7 27. e5 Bf5 28. Qb3+ Kh8
29. Ng3 dxe5 30. Nxf5 Rxf5 31. fxe5 Bh6 32. Rg2 Rd8 33. e6 Rfd5 34. Rd1 Qxe6 35.
Qc2 Rxd2 36. Rgxd2 Rxd2 37. Rxd2 Qe1+ 0-1

[Event "Xtracon Chess Open 2019"]
[Site "Helsingor DEN"]
[Date "2019.07.21"]
[Round "2.90"]
[White "Taksrud, Vidar"]
[Black "Kjartansson, Gudmundur"]
[Result "0-1"]
[BlackTitle "IM"]
[WhiteElo "1942"]
[BlackElo "2470"]
[WhiteFideId "1502158"]
[BlackFideId "2301318"]
[EventDate "2019.07.20"]

1. Nc3 d5 2. d4 e6 3. Nf3 Nf6 4. Bg5 Be7 5. Bxf6 gxf6 6. e3 c5 7. dxc5 Nc6 8. e4
d4 9. Nb5 Bxc5 10. c3 dxc3 11. Qxd8+ Kxd8 12. Nxc3 Ke7 13. a3 b6 14. Be2 Bb7 15.
Rc1 Rac8 16. O-O Nd4 17. b4 Nxe2+ 18. Nxe2 Bd6 19. Nc3 Bf4 20. Rc2 Bxe4 21. Nxe4
Rxc2 22. g3 f5 23. gxf4 fxe4 24. Nd4 Rg8+ 25. Kh1 Rc4 26. Ne2 h5 27. h3 h4 28.
b5 Rd8 29. Re1 Rd2 30. Kg2 Rcc2 31. Kf1 f5 32. a4 Kf6 0-1

[Event "Xtracon Chess Open 2019"]
[Site "Helsingor DEN"]
[Date "2019.07.21"]
[Round "2.91"]
[White "Loveid, Erik"]
[Black "Antonsen, Mikkel"]
[Result "0-1"]
[BlackTitle "IM"]
[WhiteElo "1799"]
[BlackElo "2400"]
[WhiteFideId "1520067"]
[BlackFideId "1401378"]
[EventDate "2019.07.20"]

1. d4 Nf6 2. Bg5 d5 3. Bxf6 gxf6 4. c4 dxc4 5. e4 c5 6. Nf3 Qb6 7. Bxc4 Qxb2 8.
Nbd2 cxd4 9. Rb1 Qa3 10. Nxd4 Bh6 11. Qh5 Bxd2+ 12. Kxd2 e6 13. Nb5 Qe7 14. e5
O-O 15. Bd3 f5 16. g4 f6 17. gxf5 Nc6 18. Rhg1+ Kh8 19. exf6 Rxf6 20. Nc3 Ne5
21. Rbe1 Nxd3 22. Kxd3 Bd7 23. Qg5 Rc8 24. fxe6 Qd6+ 25. Nd5 Qa3+ 26. Kd4 Qb2+
27. Ke4 Rc4+ 28. Kd3 Qd4+ 29. Ke2 Rxf2# 0-1

[Event "Xtracon Chess Open 2019"]
[Site "Helsingor DEN"]
[Date "2019.07.21"]
[Round "2.92"]
[White "Markussen, Petter B"]
[Black "Valkama, Eero"]
[Result "1/2-1/2"]
[BlackTitle "FM"]
[WhiteElo "1873"]
[BlackElo "2286"]
[WhiteFideId "1533045"]
[BlackFideId "507555"]
[EventDate "2019.07.20"]

1. d4 Nf6 2. Bf4 e6 3. Nf3 c5 4. e3 cxd4 5. exd4 Be7 6. Bd3 b6 7. Qe2 Bb7 8.
Nbd2 Nd5 9. Bg3 Nb4 10. c4 Nxd3+ 11. Qxd3 d5 12. O-O dxc4 13. Qxc4 O-O 14. Rfc1
Nc6 15. a3 Rc8 16. Qd3 Qd5 17. Rd1 Rfd8 18. Nf1 Na5 19. Ne3 Qb3 20. Qe2 Bxf3 21.
Qxf3 Bf6 22. Be5 Bxe5 23. dxe5 Qxb2 24. Ng4 Qc2 25. h4 Nb3 26. Ne3 Qc5 27. Rxd8+
Rxd8 28. Rd1 Rxd1+ 29. Qxd1 Qxa3 30. Qd8+ Qf8 31. Qc7 h5 32. Qxa7 Qd8 33. Nc4
Qxh4 34. Nd6 Qf4 35. Qxb6 Qxe5 36. Qd8+ Kh7 37. Nxf7 Qd5 38. Qh8+ Kg6 39. Qg8
Kf6 40. Nh8 Qd1+ 41. Kh2 Qd6+ 42. Kg1 Qe7 43. Qb8 Nd4 44. f4 e5 45. fxe5+ Qxe5
46. Qf8+ Ke6 47. Qf7+ Kd6 48. Ng6 Qe3+ 49. Kh1 Ne2 50. Qf8+ Kc6 51. Qc8+ Kb5 52.
Qb7+ Ka4 53. Qc6+ Kb4 54. Qd6+ Kb3 55. Qd5+ Kc2 56. Qa2+ Kd1 57. Qa1+ Kd2 58.
Qb2+ Kd3 59. Qb3+ Nc3 60. Qf7 Qe1+ 61. Kh2 h4 62. Qf3+ Kc2 63. Qg4 Ne2 64. Qc4+
Kb2 65. Qb5+ Ka3 66. Qc5+ Kb3 67. Qe3+ Kc2 68. Qc5+ Kb2 69. Qb5+ Ka3 70. Qc5+
Ka2 71. Qc4+ Kb2 72. Qb5+ Kc2 73. Qc4+ Kb2 74. Qb5+ Kc2 75. Qc4+ Kb2 1/2-1/2

[Event "Xtracon Chess Open 2019"]
[Site "Helsingor DEN"]
[Date "2019.07.21"]
[Round "2.93"]
[White "Rossen, Claus"]
[Black "Tolba, Henri"]
[Result "1-0"]
[WhiteElo "2217"]
[BlackElo "1752"]
[WhiteFideId "1403222"]
[BlackFideId "1418246"]
[EventDate "2019.07.20"]

1. e4 c5 2. Nf3 e6 3. d4 cxd4 4. Nxd4 Nf6 5. Nc3 d6 6. g3 a6 7. Bg2 e5 8. Nb3
Bg4 9. Qd3 Nc6 10. Bg5 Nb4 11. Qd2 Rc8 12. a3 Nc6 13. Nd5 Be7 14. Bxf6 Bxf6 15.
h4 Nd4 16. Nxd4 exd4 17. O-O O-O 18. Rac1 Re8 19. Rfe1 Rc5 20. Qf4 Rxd5 21. exd5
Rxe1+ 22. Rxe1 h5 23. Bf1 Be5 24. Qd2 Qf6 25. f4 Qh6 26. Qd3 Bf6 27. Re8# 1-0

[Event "Xtracon Chess Open 2019"]
[Site "Helsingor DEN"]
[Date "2019.07.21"]
[Round "2.94"]
[White "Liu, Casper"]
[Black "Norevall, Ulf"]
[Result "1/2-1/2"]
[WhiteElo "2194"]
[BlackElo "1739"]
[WhiteFideId "1454153"]
[BlackFideId "1705555"]
[EventDate "2019.07.20"]

1. b3 e5 2. Bb2 d6 3. e3 Nf6 4. f4 exf4 5. exf4 Be7 6. Nf3 O-O 7. Be2 Nd5 8. g3
Bh3 9. c4 Nxf4 10. Nc3 Nxe2 11. Qxe2 Re8 12. O-O-O Bf6 13. Qf2 Nc6 14. d4 Bg5+
15. Nxg5 Qxg5+ 16. Qf4 Qxf4+ 17. gxf4 Ne7 18. Nb5 Rec8 19. Rhg1 a6 20. Nc3 Bf5
21. Rde1 Re8 22. Kd2 Kf8 23. Re2 Ng6 24. Rxe8+ Rxe8 25. Nd5 Rc8 26. Rg5 Be4 27.
Ne3 Nh4 28. Rh5 Nf3+ 29. Ke2 g6 30. Ra5 f5 31. h3 Ng1+ 32. Kf2 Nf3 33. Nd5 Bxd5
34. Rxd5 Nd2 35. Ba3 Kf7 36. Ra5 Ra8 37. c5 dxc5 38. dxc5 Ne4+ 39. Kf3 c6 40.
Ra4 Rd8 41. Ke3 Re8 42. Rd4 Nf6+ 43. Kf3 Nd5 44. Bc1 Re1 45. Bd2 Ra1 46. a4 Rb1
47. b4 Rb3+ 48. Kg2 Rb2 49. Kf3 Ke7 50. Kg3 Rb3+ 51. Kg2 Rb2 1/2-1/2

[Event "Xtracon Chess Open 2019"]
[Site "Helsingor DEN"]
[Date "2019.07.21"]
[Round "2.95"]
[White "Nielsen, Leo Kresten Roland"]
[Black "Sigeman, Johan"]
[Result "0-1"]
[WhiteElo "1653"]
[BlackElo "2120"]
[WhiteFideId "1426095"]
[BlackFideId "1705601"]
[EventDate "2019.07.20"]

1. e4 e5 2. c3 Nf6 3. d3 d5 4. Nd2 Bc5 5. h3 O-O 6. b4 Bb6 7. Be2 a5 8. Bb2 Re8
9. a3 Nbd7 10. c4 c6 11. c5 Bc7 12. Bf3 Nf8 13. Ne2 Ng6 14. g3 Be6 15. Nf1 Qd7
16. Ne3 Bxh3 17. exd5 cxd5 18. Qb3 Be6 19. Qc2 axb4 20. axb4 Rxa1+ 21. Bxa1 Qb5
22. Qd2 Ra8 23. Nc2 Bf5 24. Nc1 b6 25. cxb6 Bxb6 26. Be2 Qc6 27. Qc3 Qd6 28. Bh5
Rc8 29. Qd2 Qc6 30. Bd1 d4 31. Rg1 e4 32. Nb3 exd3 33. Nbxd4 Qe4+ 34. Qe3 dxc2
35. Bxc2 Qxe3+ 36. fxe3 Bxc2 37. Rg2 Be4 38. Ra2 Ra8 39. Rxa8+ Bxa8 0-1